01670nam a2200385 i 4500001001000000003000900010005001700019007000300036008004100039040003000080041000800110082002800118100008600146240007100232245011600303250003600419264008500455300003300540336002700573337003300600338002800633500007300661500005900734500003300793590002600826600004000852650004000892650003100932651005400963700005701017910003901074942001401113952014001127999001701267000032982DO-SdBNP20260120102138.0ta110418s1966 dr 000 f spa d aDO-SdBNPbspacBNPHUerda aspa 4aRD863.3bG182e 19662221 aGalván, Manuel de J., q(Manuel de Jesús)d1834-1910eautor4aut.928507 0aEnriquillo : leyenda histórica dominicana (1503-1538)lEspañol10aEnriquillo :bleyenda histórica dominicana /cManuel de Jesús Galván ; carta y prólogo, José Martí. aSeptima edición en castellano 1aSanto Domingo, República Dominicana :bEditorial Librería Dominicana,c1966. a479,[2], páginas ;c21 cm. atextobtxt2rdacontent asin mediaciónbn2rdamedia avolumenbnc2rdacarrier aIncluye referencias bibliográficas y notas al pie de las páginas aLa primera parte de esta obra salió a la luz en 1879 aIncluye apéndice (472-479) aInventariado, 2019/VM14aEnriquillocCaciqued¿-1535914941 4aNovela histórica dominicana.9860 4aLiteratura dominicana.967 4aRepública DominicanaxHisoriay1503-15389285081 aMartí, José,d1853-1898eprologuista4pr.946189 aValidado. Control de calidad BNPHU 2ddccLBS1 00102ddc51708PDaBNPHUbBNPHUcHDd2011-08-05l0oBNPHU PD RD863.3 G182e 1966p32982-10r2020-06-25w2020-06-25yLBS1ZNo se presta c32473d32473